| 000 | 00568nam a2200229Ia 4500 | ||
|---|---|---|---|
| 020 | _a0815167164 | ||
| 040 | _cZQP | ||
| 082 | _a613 MOS 1995 A028 Or. | ||
| 100 | 1 | _aPayne, Wayne A | |
| 245 | 1 | 0 | _aUnderstanding your health / |
| 250 | _a4th ed | ||
| 260 |
_aSt. Louis : _bMosby Year Books, _cc1995 |
||
| 300 |
_axxix, 542, [76] p. : _bcol. ill. ; _c28 cm |
||
| 650 | 0 | _aHealth | |
| 650 | 0 | _aCollege students | |
| 650 | 2 | _aHealth | |
| 650 | 2 | _aDisease | |
| 650 | 2 | _aSex Behavior | |
| 650 | 2 | _aConsumer Participation | |
| 700 | 1 | _aHahn, Dale B | |
| 942 | _cEK | ||
| 999 |
_c12723 _d12723 |
||